Vvedenije v gidrodinamiku i teoriju voln na vode

Gespeichert in:
Bibliographische Detailangaben
1. Verfasser: Meome, Bernar Le (Verfasst von)
Weitere Verfasser: Nekrasov, A.V (Übersetzung)
Format: Buch
Sprache:Russisch
Veröffentlicht: Leningrad : Gidrometeoizdat, 1974
Ausgabe:Prel. z angl. orig.
Tags: Tag hinzufügen
Keine Tags, Fügen Sie das erste Tag hinzu!

MARC

LEADER 00000nam a22000003a 4500
001 stu188687
005 20150617225606.9
008 090818s1974----xxr-----------------rus-d
040 |a STU  |b slo 
041 0 |a rus 
044 |a xxr 
080 |a 532.5  |7 stu_us_auth*stu7227 
100 1 |a Meome, Bernar Le  |4 aut 
245 1 |a Vvedenije v gidrodinamiku i teoriju voln na vode 
250 |a Prel. z angl. orig. 
260 |a Leningrad :  |b Gidrometeoizdat,  |c 1974 
300 |a 363 s 
700 1 |a Nekrasov, A.V.  |4 trl 
996 |c V*10980/O-2880  |l VV3  |s P  |a 0  |w stu188687_0001